00876nam a2200193 i 450000100060000000300090000600500170001500700030003200800410003510000430007624501800011926000760029930000290037565000450040471000620044985200320051199900170054395201220056073960ES-MaACL20230906171954.0t|040914s1972 sp ||||1| spa d1 aGonzález Barberán, Vicente.95844513aEl polo de desarrollo de Granada a los tres años de su declaraciónb: balance y comentarios : informe leído el 30 de junio de 1972 / cpor Vicente González Barberán. aGranada : bConsejo Económico Sindical Provincial de Granada, c1972. a56 p. : bil. ; c24 cm. 4aDesarrollo industrial-zGranada.91645402 aConsejo Económico Sindical Provincial (Granada)9164557 aES-MaACLjC-45011 bR.83743 c73960d73960 00104070aATENEOMbATENEOMcDEPO2d2008-01-17eSCl0oC-45011p1077416r2023-02-23 00:00:00w2023-02-23yMONOGRAFIA